Alle 88 Oscar Gewinner "Beste Nebendarstellerin" (1937 - 2024) - Statistiken

Allgemein
  • Dieses Quiz wurde 13 mal gespielt
  • Das Durchschnittsergebnis liegt bei 25 aus 88
Antwortstatistiken
Jahr 🚩 Film Nebendarstellerin % Korrekt
1980 🇺🇸 🔸Kramer gegen Kramer Meryl Streep
80%
2013 🇺🇸 🔸Les Misérables Anne Hathaway
70%
1975 🇸🇪 🔸Mord im Orient - Express Ingrid Bergman
70%
1999 🏴󠁧󠁢󠁥󠁮󠁧󠁿 🔸Shakespeare in Love Judith Dench
70%
2003 🏴󠁧󠁢󠁷󠁬󠁳󠁿 🔸Chicago Catherine Zeta - Jones
50%
1989 🇺🇸 🔸Die Reisen des Mr. Leary Geena Davis
50%
1970 🇺🇸 🔸Die Kaktusblüte Goldie Hawn
50%
2020 🇺🇸 🔸Marriage Story Laura Dern
50%
2009 🇪🇸 🔸Vicky Cristina Barcelona Penélope Cruz
50%
2004 🇺🇸 🔸Unterwegs nach Cold Mountain Renée Zellweger
50%
2000 🇺🇸 🔸Durchgeknallt Angelina Jolie
40%
1994 🍁 🇳🇿 🔸Das Piano Anna Paquin
40%
1955 🇺🇸 🔸Die Faust im Nacken Eva Marie Saint
40%
2023 🇺🇸 🔸Everything Everywhere All at Once Jamie Lee Curtis
40%
2008 🏴󠁧󠁢󠁥󠁮󠁧󠁿 🔸Michael Clayton Katherine Matilda Swinton
40%
1998 🇺🇸 🔸L. A. Confidential Kimila Basinger
40%
1976 🇺🇸 🔸Shampoo Lee Grant
40%
2014 🇰🇪 🔸12 Years a Slave Lupita Nyong'o
40%
1979 🏴󠁧󠁢󠁥󠁮󠁧󠁿 🔸Das verrückte California - Hotel Maggie Smith
40%
1964 🏴󠁧󠁢󠁥󠁮󠁧󠁿 🔸Hotel International Margaret Rutherford
40%
1996 🇺🇸 🔸Geliebte Aphrodite Mira Sorvino
40%
2006 🏴󠁧󠁢󠁥󠁮󠁧󠁿 🔸Der ewige Gärtner Rachel Weisz
40%
1969 🇺🇸 🔸Rosemaries Baby Ruth Gordon
40%
2017 🇺🇸 🔸Fences Viola Davis
40%
1991 🇺🇸 🔸Ghost - Nachricht von Sam Whoopi Goldberg
40%
2016 🇸🇪 🔸The Danish Girl Alicia Vikander
30%
2018 🇺🇸 🔸I, Tonya Allison Janney
30%
1986 🇺🇸 🔸Die Ehre der Prizzis Anjelica Huston
30%
1987 🇺🇸 🔸Hannah & ihre Schwestern Dianne Wiest
30%
1995 🇺🇸 🔸Bullets over Broadway Dianne Wiest
30%
1954 🇺🇸 🔸Verdammt in alle Ewigkeit Donna Reed
30%
1985 🏴󠁧󠁢󠁥󠁮󠁧󠁿 🔸Reise nach Indien Edith Margaret Ashcroft
30%
1971 🇺🇸 🔸Airport Helen Hayes
30%
2002 🇺🇸 🔸A Beautiful Mind - Genie & Wahnsinn Jennifer Connelly
30%
1983 🇺🇸 🔸Tootsie Jessica Lange
30%
1997 🇫🇷 🔸Der englische Patient Juliette Binoche
30%
1984 🇺🇸 🔸Ein Jahr in der Hölle Linda Hunt
30%
2010 🇺🇸 🔸Precious - Das Leben ist kostbar Mo'Nique
30%
2012 🇺🇸 🔸The Help Octavia Spencer
30%
1988 🇺🇸 🔸Mondsüchtig Olympia Dukakis
30%
1963 🇺🇸 🔸Licht im Dunkel Patty Duke
30%
2019 🇺🇸 🔸If Beale Street Could Talk Regina King
30%
1962 🇺🇸 🔸West Side Story Rita Moreno
30%
1967 🇺🇸 🔸Wer hat Angst vor Virginia Woolf? Sandra Dennis
30%
1960 🇺🇸 🔸Das Tagebuch der Anne Frank Shelley Winters
30%
1966 🇺🇸 🔸Träumende Lippen Shelley Winters
30%
1961 🇺🇸 🔸Elmer Gantry Shirley Jones
30%
1978 🏴󠁧󠁢󠁥󠁮󠁧󠁿 🔸Julia Vanessa Redgrave
30%
2022 🇺🇸 🔸West Side Story Ariana DeBose
20%
1977 🇺🇸 🔸Network Beatrice Straight
20%
1990 🇮🇪 🔸Mein linker Fuß Brenda Fricker
20%
2005 🇦🇺 🇺🇸 🔸Laura Linney in Kinsey Cate Blanchett
20%
1972 🇺🇸 🔸Die letzte Vorstellung Cloris Leachman
20%
2024 🇺🇸 🔸The Holdovers Da'Vine Roy Randolph
20%
1957 🇺🇸 🔸In den Wind geschrieben Dorothy Malone
20%
1973 🇺🇸 🔸Schmetterlinge sind frei Eileen Heckart
20%
1968 🇺🇸 🔸Bonnie & Clyde Estelle Parsons
20%
1939 🇺🇸 🔸Jezebel - Die boshafte Lady Fay Bainter
20%
1937 🇺🇸 🔸Ein rastloses Leben Gale Sondergaard
20%
1940 🇺🇸 🔸Vom Winde verweht Hattie McDaniel
20%
2007 🇺🇸 🔸Dreamgirls Jennifer Hudson
20%
1952 🇺🇸 🔸Endstation Sehnsucht Kim Hunter
20%
2001 🇺🇸 🔸Pollock Marcia Gay Harden
20%
1993 🇺🇸 🔸Mein Vetter Winnie Marisa Tomei
20%
1981 🇺🇸 🔸Melvin & Howard Mary Steenburgen
20%
1982 🇺🇸 🔸Reds Maureen Stapleton
20%
2011 🇺🇸 🔸The Fighter Melissa Leo
20%
1992 🇺🇸 🔸König der Fischer Mercedes Ruehl
20%
2015 🇺🇸 🔸Boyhood Patricia Arquette
20%
1974 🇺🇸 🔸Paper Moon Tatum O'Neil
20%
1943 🇺🇸 🔸Mrs. Miniver Teresa Wright
20%
1959 🏴󠁧󠁢󠁥󠁮󠁧󠁿 🔸Getrennt von Tisch & Bett Wendy Hiller
20%
1938 🇺🇸 🔸In Old Chicago Alice Brady
10%
1947 🇺🇸 🔸Auf Messers Schneide Anne Baxter
10%
1946 🇺🇸 🔸Kleines Mädchen, großes Herz Anne Revere
10%
1948 🇺🇸 🔸Tabu der Gerechten Celeste Holm
10%
1949 🇺🇸 🔸Gangster in Key Largo Claire Trevor
10%
1945 🇺🇸 🔸None But the Lonely Heart Ethel Barrymore
10%
1953 🇺🇸 🔸Stadt der Illusionen Gloria Grahame
10%
1941 🇺🇸 🔸Früchte des Zorns Jane Darwell
10%
1951 🇺🇸 🔸Mein Freund Harvey Josephine Hull
10%
1956 🇺🇸 🔸Jenseits von Eden Josephine Van Fleet
10%
1944 🇬🇧 🔸Wem die Stunde schlägt Katina Paxinou
10%
1965 🇷🇺 🔸Alexis Sorbas Lila Kedrova
10%
1942 🇺🇸 🔸Vertauschtes Glück Mary Astor
10%
1950 🇺🇸 🔸Der Mann, der herrschen wollte Mercedes McCambridge
10%
1958 🇯🇵 🔸Sayonara Miyoshi Umeki
10%
2021 🇰🇷 🔸Minari - Wo wir Wurzeln schlagen Yoon Yeo-jeong
10%
Keine übereinstimmenden Quizze gefunden
Verteilung der Resultate
Anzahl Personen mit jedem Resultat
Perzentil nach korrekt beantworteten Fragen
Ihre Resultats-Entwicklung
Sie haben dieses Quiz noch nicht gespielt